<?xml version="1.0" encoding="UTF-8"?><?xml-stylesheet type="text/xsl" href="static/style.xsl"?><OAI-PMH xmlns="http://www.openarchives.org/OAI/2.0/" xmlns:xsi="http://www.w3.org/2001/XMLSchema-instance" xsi:schemaLocation="http://www.openarchives.org/OAI/2.0/ http://www.openarchives.org/OAI/2.0/OAI-PMH.xsd"><responseDate>2026-04-29T06:16:02Z</responseDate><request verb="GetRecord" identifier="oai:repisalud.isciii.es:20.500.12105/23330" metadataPrefix="marc">https://repisalud.isciii.es/rest/oai/request</request><GetRecord><record><header><identifier>oai:repisalud.isciii.es:20.500.12105/23330</identifier><datestamp>2024-11-28T21:04:46Z</datestamp><setSpec>com_20.500.12105_15322</setSpec><setSpec>com_20.500.12105_2051</setSpec><setSpec>col_20.500.12105_16967</setSpec></header><metadata><record xmlns="http://www.loc.gov/MARC21/slim" xmlns:dcterms="http://purl.org/dc/terms/" xmlns:doc="http://www.lyncode.com/xoai" xmlns:xsi="http://www.w3.org/2001/XMLSchema-instance" xsi:schemaLocation="http://www.loc.gov/MARC21/slim http://www.loc.gov/standards/marcxml/schema/MARC21slim.xsd">
   <leader>00925njm 22002777a 4500</leader>
   <datafield ind2=" " ind1=" " tag="042">
      <subfield code="a">dc</subfield>
   </datafield>
   <datafield ind2=" " ind1=" " tag="720">
      <subfield code="a">Jentzer, Jacob C</subfield>
      <subfield code="e">author</subfield>
   </datafield>
   <datafield ind2=" " ind1=" " tag="720">
      <subfield code="a">Rosselló, Xavier</subfield>
      <subfield code="e">author</subfield>
   </datafield>
   <datafield ind2=" " ind1=" " tag="260">
      <subfield code="c">2021-10-27</subfield>
   </datafield>
   <datafield ind2=" " ind1=" " tag="520">
      <subfield code="a">Risk stratification dates to the dawn of the cardiac intensive care unit (CICU). As the CICU has evolved from a dedicated unit caring for patients with acute myocardial infarction to a complex healthcare environment encompassing a broad array of acute and chronic cardiovascular pathology, an expanding array of risk scores are available that can be applied to CICU patients. Most of these scores were designed for use either in patients with a specific acute cardiovascular diagnosis or unselected critically ill patients, and risk scores developed in other populations often underperform in the CICU. More recently, risk scores have been developed specific to the CICU population, demonstrating improved performance. All existing risk scores have relevant limitations, both in terms of performance and applicability to patient care. Risk scores have been predominantly developed to predict short-term mortality, either by quantifying severity of illness or by incorporating other risk factors for mortality. It is essential to distinguish mortality risk attributable to severity of illness, which may be modifiable through intervention, from mortality risk attributable to non-modifiable risk factors. This review discusses established risk scores applicable to the CICU population, details how risk score performance is characterized, describes how new risk scores can be developed, explains how the information provided by risk scores can be used in clinical practice, and highlights how novel risk stratification approaches can be developed.</subfield>
   </datafield>
   <datafield ind1="8" ind2=" " tag="024">
      <subfield code="a">Jentzer JC, Rossello X. Past, present, and future of mortality risk scores in the contemporary cardiac intensive care unit. Eur Hear journal Acute Cardiovasc care. 2021 Oct 27;10(8):940-6.</subfield>
   </datafield>
   <datafield ind1="8" ind2=" " tag="024">
      <subfield code="a">https://hdl.handle.net/20.500.13003/20106</subfield>
   </datafield>
   <datafield ind1="8" ind2=" " tag="024">
      <subfield code="a">https://hdl.handle.net/20.500.12105/23330</subfield>
   </datafield>
   <datafield ind1="8" ind2=" " tag="024">
      <subfield code="a">34453848</subfield>
   </datafield>
   <datafield ind1="8" ind2=" " tag="024">
      <subfield code="a">10.1093/ehjacc/zuab072</subfield>
   </datafield>
   <datafield ind1="8" ind2=" " tag="024">
      <subfield code="a">2048-8734</subfield>
   </datafield>
   <datafield ind1="8" ind2=" " tag="024">
      <subfield code="a">European heart journal. Acute cardiovascular care</subfield>
   </datafield>
   <datafield ind1="8" ind2=" " tag="024">
      <subfield code="a">715384100015</subfield>
   </datafield>
   <datafield ind2="0" ind1="0" tag="245">
      <subfield code="a">Past, present, and future of mortality risk scores in the contemporary cardiac intensive care unit</subfield>
   </datafield>
</record></metadata></record></GetRecord></OAI-PMH>